Normal view
MARC view
Entry Personal Name
001 - CONTROL NUMBER
- control field: 49589
003 - CONTROL NUMBER IDENTIFIER
- control field: ARRUPE
005 - DATE AND TIME OF LATEST TRANSACTION
- control field: 20200312110406.0
008 - FIXED-LENGTH DATA ELEMENTS
- fixed length control field: 200312|| aca||aabn | a|a d
040 ## - CATALOGING SOURCE
- Original cataloging agency: ARRUPE
- Transcribing agency: ARRUPE
100 ## - HEADING--PERSONAL NAME
- Personal name: Augustine, st.
- General subdivision: Friendship
670 ## - SOURCE DATA FOUND
- Source citation: Work cat.: (ARRUPE)0: McNamara, Marie Aquinas. 49588, Friendship in Saint Augustine., 1958.